000 00822nam a22002417a 4500
001 542
003 BD-RjUL
005 20211208233209.0
008 131118s2006 ii d|||| |||| 000 0 eng d
020 _a813090232X
035 _a(BD-RjUL)559
040 _aBD-RjUL
_beng
_cBD-RjUL
_dBD-RjUL
041 _aeng
082 _222
_a005.8
_bBHH 2006
100 1 _aBhaskar, S. M.
_91666
245 1 0 _aHandbook of security, cryptography and digital signature /
_c S. M. Bhaskar
260 _aNew Delhi [u.a.] :
_bViva Books Private Ltd.
_c2006.
300 _a157 p. :
_bill. ;
_c23 cm.
650 7 _2SLSH
_acomputer security
_91667
700 1 _aRamachandran, P.
_91669
856 _3WorldCat
_uhttp://www.worldcat.org/title/handbook-of-security-cryptography-and-digital-signature/oclc/255824641&referer=brief_results
942 _2ddc
_cBK
999 _c542
_d542